Amedeo Modigliani kníže Montparnassu
| Main Author: | |
|---|---|
| Other Authors: | |
| Format: | Book |
| Language: | Czech English French |
| Published: |
Praha
Garamond
2009
|
| Edition: | 1. vyd. |
| Subjects: |
MARC
| LEADER | 00000cam a2200000 a 4500 | ||
|---|---|---|---|
| 001 | vtls009934632 | ||
| 003 | SK-MaSNL | ||
| 005 | 20260301171934.0 | ||
| 008 | 240318s2009 xr g h 000 0bcze | ||
| 020 | |a 9788074070457 |q (viaz.) | ||
| 040 | |a SNK |b slo |c SNK |e AACR2 | ||
| 041 | 1 | |a cze |h eng |h fre | |
| 043 | |a e-it--- |a e-fr--- | ||
| 044 | |a xr |c CZ | ||
| 072 | 7 | |a 75 |x Maliarstvo |2 konspekt | |
| 072 | 7 | |a 929 |x Biografie |2 konspekt | |
| 080 | |a 929 |2 2001 | ||
| 080 | |a 75.071.1 |2 2001 | ||
| 080 | |a 75.036/.038 |2 2001 | ||
| 080 | |a 75.036(44) |2 2001 | ||
| 080 | |a (450) |2 2001 | ||
| 080 | |a (44) |2 2001 | ||
| 080 | |a (092) |2 2001 | ||
| 100 | 1 | |a Lottman, Herbert R., |d 1927- |4 aut |9 540584 | |
| 240 | 1 | 0 | |a Amedeo Modigliani: prince de Montparnasse |l Česky |
| 245 | 1 | 0 | |a Amedeo Modigliani |b kníže Montparnassu |c Herbert Lottman ; [přeložila Petra Nagyová] |
| 246 | 3 | |a Kníže Montparnassu Amedeo Modigliani | |
| 246 | 3 | |a Amedeo Modigliani - kníže Montparnassu | |
| 250 | |a 1. vyd. | ||
| 260 | |a Praha |b Garamond |c 2009 | ||
| 300 | |a 246 s. |c 24 cm | ||
| 500 | |a Preložené z angl. rukopisu s prihliadnutím k franc. vyd. | ||
| 504 | |a Obsahuje bibliografické odkazy | ||
| 600 | 1 | 7 | |a Modigliani, Amedeo, |d 1884-1920 |2 SNKMA |9 115812 |
| 648 | 7 | |a 20. stor. |2 SNKPH |9 275975 | |
| 648 | 7 | |a 20th century |2 SNKPHeng |9 277995 | |
| 650 | 0 | 7 | |a maliari |z Taliansko |2 SNKPH |9 540585 |
| 650 | 0 | 7 | |a moderné maliarstvo |z Francúzsko |2 SNKPH |9 327338 |
| 650 | 0 | 7 | |a Parížska škola |2 SNKPH |9 182570 |
| 650 | 0 | 7 | |a maliari |z Francúzsko |2 SNKPH |9 306374 |
| 650 | 0 | 7 | |a Painters |z France |2 SNKPHeng |9 306377 |
| 650 | 0 | 7 | |a Painters |z Italy |2 SNKPHeng |9 540586 |
| 650 | 0 | 7 | |a Modern painting |z France |2 SNKPHeng |9 540587 |
| 650 | 0 | 7 | |a École de Paris |2 SNKPHeng |9 540588 |
| 655 | 7 | |a biografie |2 SNKPH |9 27965 | |
| 655 | 7 | |a Biography |2 SNKPHeng |9 266314 | |
| 700 | 1 | |a Nagyová, Petra, |d 1978- |4 trl |9 170800 | |
| 919 | |a 978-80-7407-045-7 | ||
| 999 | |c 831925 |d 833855 | ||
| 952 | |a SNK |b SNK |y VYP |7 0 |p 17A0641152 |o snkIC 138267 |i snk2010/351 |8 4 |g 9.02 |0 0 |1 0 |4 0 |d 2009-08-11 |l 0 |r 2026-02-24 03:41:44 |w 2026-02-24 | ||


